00679nam a2200145 a 450000100100000000500170001000800410002704000180006824501500008626000430023630000260027995201050030595201060041099900170051600003437620200930073651.0111004s1992 000 spa d aDO-SdBNPbspa00aMicrosoft windows :bMicrosoft Windows manual del usuario :bPara el sistema operativo Microsoft Windows, versión 3.1 /cMicrosoft Corporation. a[s.n.] :dMicrosoft Corporationc1992. a716 p. :bil ;c1992. 001050718MOaGRbGRcCTd2011-10-04iLF1l0o p34376-10r2020-06-25w2020-06-25y1ZNo se presta 0010507-18MOaGRbGRcOId2011-10-04iLF1l0o p34377-10r2020-06-25w2020-06-25y1ZNo se presta c33867d33867